000 00454 a2200157 4500
005 20250623131419.0
020 _a978-0-273-72368-4
082 _a658.7LYS
100 _aLYSONS, K.
245 _aPurchasing And Supply Chain Management
250 _a8th Ed
260 _aBritish
_bBritish Library Cataloguing -In- Publication Data,
_c1998.
300 _axix,; 665p,; ill, table, figure, picture
_bIndex
_c24cm
700 _aFarrington. B
942 _2ddc
_cBKS
999 _c4638
_d4638